[Event "Andalucia-ch U14"]
[Site "Islantilla"]
[Date "2012.04.13"]
[Round "1"]
[White "Mateos Atienza, Alberto"]
[Black "Martin Auden, Alejandro"]
[Result "1-0"]
[WhiteElo "1638"]
[BlackElo "1291"]
[PlyCount "62"]
[EventDate "2012.04.13"]
[EventType "swiss"]
[EventRounds "9"]
[EventCountry "ESP"]
[SourceTitle "CBM 148 Extra"]
[Source "ChessBase"]
[SourceDate "2012.06.22"]
[SourceVersion "1"]
[SourceVersionDate "2012.06.22"]
[SourceQuality "1"]

1. e4 c5 2. Nf3 a6 3. d4 cxd4 4. Nxd4 e6 5. Nc3 b6 6. a3 Bb7 7. Be3 d6 8. Be2 Nd7 9. 0-0 Ngf6 10. f3 Be7 11. Qe1 h5 12. Qg3 g6 13. Nxe6 Qc8 14. Nf4 Ne5 15. Bxb6 Qb8 16. Bd4 Bd8 17. Bxe5 dxe5 18. Nd3 Bb6+ 19. Kh1 Bc7 20. Rad1 Kf8 21. Nc5 Bc6 22. Nxa6 Qxb2 23. Nxc7 Rxa3 24. Rd8+ Kg7 25. Rxh8 Kxh8 26. N3d5 Bxd5 27. Nxd5 Nxe4 28. Qh4 Nd2 29. Qf6+ Kg8 30. Ne7+ Kf8 31. Nxg6+ Kg8 1-0